| 000 | 00541nam a2200097Ia 4500 | ||
|---|---|---|---|
| 008 | 170517s9999 xx 000 0 und d | ||
| 245 | 4 | _aThe Man Who Lost His Body | |
| 300 | _aIn 1971 Ian Waterman was a butcher on Jersey. He was nineteen, newly qualified and working flat out to make a go of the business. Then suddenly he went down with what seemed to be gastric flu. But it wasn't. He became wobbly and weak. Within days he had collapsed and... | ||
| 650 | _xTechnology. | ||
| 856 | _uhttp://topdocumentaryfilms.com/the-man-who-lost-his-body/ | ||
| 999 |
_c335113 _d335113 |
||